00243nam a2200085Ia 450000500170000000800410001724500720005826000100013099900170014020250523150954.0250523s9999 xx 000 0 und d 0aDünya Çocukların Olsa Gökkuş Diz cGülten Dayıoğlu bALTIN c11928d11928